Dodávateľské reťazce a pružnosť

Problémy, ktoré spôsobujú v dodávateľskom reťazci trhové turbulencie a spôsoby ich riešenia.

Gespeichert in:
Bibliographische Detailangaben
1. Verfasser: Gregor, Milan
Weitere Verfasser: Patka, Jaroslav, Gregor, Tomáš
Format: Buchkapitel
Sprache:Slowakisch
Schlagworte:
Tags: Tag hinzufügen
Keine Tags, Fügen Sie das erste Tag hinzu!

MARC

LEADER 00000naa a2200000 4500
001 0247905
005 20231208115257.4
041 0 |a slo 
044 |a SK 
245 1 0 |a Dodávateľské reťazce a pružnosť  |c Milan Gregor, Jaroslav Patka, Tomáš Gregor 
520 |a Problémy, ktoré spôsobujú v dodávateľskom reťazci trhové turbulencie a spôsoby ich riešenia. 
610 2 0 |a dodávatelia 
610 2 0 |a zmeny štruktúrne 
610 2 0 |a siete obchodné 
610 2 0 |a výroba 
100 1 |a Gregor, Milan 
700 1 |a Patka, Jaroslav 
700 1 |a Gregor, Tomáš